| 000 | 00712nam a22002177a 4500 | ||
|---|---|---|---|
| 003 | Nust | ||
| 005 | 20241212115853.0 | ||
| 008 | 170216b xxu||||| |||| 00| 0 eng d | ||
| 040 | _cNust-MCE | ||
| 082 | _a200 | ||
| 100 |
_aZeb Anwar _9127098 |
||
| 245 |
_aFactors affecting resource management of building projects in KPK Pakistan/ _cAnwar Zeb |
||
| 260 |
_aRisalpur _bMCE _c2014 |
||
| 300 | _a79.p: | ||
| 526 | _aMS-Construction Engineering and Management | ||
| 650 |
_aThesis _934811 |
||
| 650 |
_aMS-Construction Engineering and Management _9126573 |
||
| 700 |
_aSupervisor: Lt.Col. Dr. Abdul Qudoos Khan _9127099 |
||
| 856 | _uhttp://10.250.8.41:8080/xmlui/handle/123456789/11796 | ||
| 942 |
_cSC _2ddc |
||
| 999 |
_c230070 _d230070 |
||